Normal view
MARC view
Entry Nombre personal
001 - NÚMERO DE CONTROL
- campo de control: 42917
003 - IDENTIFICADOR DEL NÚMERO DE CONTROL
- campo de control: BNPHU
005 - FECHA Y HORA DE LA ÚLTIMA TRANSACCIÓN
- campo de control: 20240305101036.0
008 - DATOS DE LONGITUD FIJA
- campo de control de longitud fija: 200615|| aca||aabn | a|a d
040 ## - FUENTE DE LA CATALOGACIÓN
- Centro catalogador/agencia de origen: DO-SdBNP
- Lengua de catalogación: spa
- Centro/agencia transcriptor: BNPHU
- Normas de descripción: rda
100 1# - ENCABEZAMIENTO-NOMBRE DE PERSONA
- Nombre de persona: Montesquieu, Charles de Secondat,
- Títulos y otros términos asociados al nombre: baron de,
- Fechas asociadas al nombre: 1689-1755
370 ## - LUGAR ASOCIADO
- Lugar de nacimiento: Francia
375 ## - GÉNERO/SEXO
- Género/Sexo: Masculino
377 ## - LENGUA/LENGUAJE ASOCIADO
- Código del idioma: Francés
400 1# - TRAZADO DE VÉASE--NOMBRE DE PERSONA
- Nombre de persona: Montesquieu
- Fechas asociadas al nombre: 1689-1755
400 1# - TRAZADO DE VÉASE--NOMBRE DE PERSONA
- Nombre de persona: Montesquiou,
- Títulos y otros términos asociados al nombre: Herr von
- Fechas asociadas al nombre: 1689-1755
- Forma completa/desarrollada del nombre: (Charles de Secondat)
400 1# - TRAZADO DE VÉASE--NOMBRE DE PERSONA
- Nombre de persona: Secondat, Charles-Louis de,
- Fechas asociadas al nombre: 1689-1755
670 ## - FUENTE DE DATOS ENCONTRADOS
- Cita de la fuente: Work cat.: (OSt)19788: Montesquieu, Del espíritu de las leyes /, 1926.
